[Event "5th Vergani Cup January 2021"]
[Site "Bassano del Grappa"]
[Date "2021.01.05"]
[Round "5.7"]
[White "Krasteva, Beloslava"]
[Black "Bernadskiy, Vitaliy"]
[Result "0-1"]
[WhiteElo "2315"]
[BlackElo "2619"]
[Annotator "TA"]
[PlyCount "74"]
[EventDate "2021.01.03"]
[EventType "swiss"]
[EventCountry "ITA"]
[SourceTitle "playchess.com"]
[Source "ChessBase"]
[SourceQuality "1"]

{[%evp 9,74,53,58,45,68,48,101,98,97,75,108,37,40,38,37,33,46,36,89,94,89,61,64,0,0,-69,-61,-92,-88,-87,-85,-85,-51,-80,-30,-95,-100,-86,-63,-433,-431,-422,-432,-534,-533,-467,-314,-306,-304,-325,-316,-320,-320,-405,-398,-1821,-1358,-12833,-12832,-12829,-12830,-6220,-2088,-29981,-29982,-29994,-29995]} 1. d4 d6 2. c4 e5 3. d5 f5 4. e4 Nf6 5. exf5 Bxf5 6. Nc3 {A41: 1 d4 d6: Tartakower System and Modern Defence.} Nbd7 7. Nge2 Nc5 (7... Bg6 $14) 8. Ng3 $16 {White is better.} Bg6 {[#]} 9. b4 $146 ({Predecessor:} 9. Be3 e4 10. b4 Nd3+ 11. Bxd3 exd3 12. O-O h5 13. Bg5 Be7 14. Re1 O-O 15. Qd2 {1-0 (42) Georgiev,V (2572)-Solak,D (2630) Neum 2008}) 9... Nce4 {[#]} 10. Ngxe4 (10. Ncxe4 $1 $16 Nxe4 11. Bd3 Nxg3 12. Bxg6+ (12. fxg3 e4 $11) 12... hxg6 13. fxg3) 10... Nxe4 $14 11. Nxe4 Bxe4 12. h4 Bg6 13. h5 Bf7 (13... Bf5 $14) 14. Bd3 Be7 15. Qc2 h6 16. Bg6 (16. Qe2 $14) 16... O-O $11 17. Rh3 (17. Be4 $11) 17... Bg5 $15 18. Bxg5 Qxg5 19. Rg3 Qf4 20. Rd1 Bxg6 21. hxg6 b5 22. Rf3 (22. cxb5 $11 Qxb4+ 23. Kf1) 22... Qh2 $17 ({Much worse is} 22... Qxc4 $6 23. Qxc4 bxc4 24. Rc3 $11) 23. Qe4 bxc4 {White must now prevent ...Rxf3.} 24. Rc1 $2 {[%mdl 8192] White does not recover from this.} ({White should try} 24. Ke2 $15) 24... Rxf3 $19 25. Qxf3 {[%mdl 4096] Endgame KQR-KQR} Rf8 26. Qe3 Qxg2 27. Rxc4 Qh1+ 28. Ke2 Qxd5 29. Qb3 Kh8 30. Rxc7 Qe4+ {[%mdl 64] [#] Double Attack} 31. Kf1 {intending Qf7!} Qxg6 ({Don't do} 31... Qh1+ 32. Ke2 $19) 32. Rxa7 $2 (32. Qc3) 32... Rc8 33. Qa3 Qe4 {( -> ...Rc2)} 34. Kg1 Qe1+ 35. Kg2 Rc3 36. Qb2 Qe4+ 37. Kg1 Rh3 {[%csl Ge4][%cal Rh3h1] Weighted Error Value: White=0.92/Black=0.12} 0-1

[Event "5th Vergani Cup January 2021"]
[Site "Bassano del Grappa"]
[Date "2021.01.05"]
[Round "5.8"]
[White "Lumachi, Gabriele"]
[Black "Nguyen, Thai Dai Van"]
[Result "0-1"]
[WhiteElo "2297"]
[BlackElo "2571"]
[Annotator "TA"]
[PlyCount "80"]
[EventDate "2021.01.03"]
[EventType "swiss"]
[EventCountry "ITA"]
[SourceTitle "playchess.com"]
[Source "ChessBase"]
[SourceQuality "1"]

{[%evp 21,80,23,27,17,16,15,17,-24,-24,-49,-39,-49,-30,-37,5,-53,-62,-64,-58,-87,-64,-65,-59,-72,-67,-69,-36,-83,0,-79,-33,-70,-25,-57,-13,-21,-39,-27,-34,-23,0,0,47,0,0,-122,-126,-122,-124,-444,-456,-456,-445,-445,-472,-507,-508,-505,-502,-475,-425]} 1. d4 d5 2. c4 e6 3. Nc3 Nf6 4. cxd5 exd5 5. Bg5 c6 6. e3 h6 7. Bh4 Be7 8. Bd3 O-O 9. Nge2 Re8 10. O-O Nbd7 11. Qc2 Nh5 12. Bxe7 {D36: Queen's Gambit Declined: Exchange Variation: Main line (5 Bg5 c6 6 Qc2).} Qxe7 13. Rae1 Nf8 14. e4 {The position is equal.} dxe4 15. Nxe4 Be6 16. f4 {[#]} Bd5 $146 {[%cal Rd5e4]} ({Predecessor:} 16... Rad8 17. f5 Bd5 18. Nf4 Nxf4 19. Rxf4 Nh7 20. f6 Qb4 21. Ref1 Bxe4 22. Bxe4 Nxf6 {0-1 (49) Wolf,U (2117)-Ratayczak,H (1832) Schiffweiler 2009}) 17. N2c3 Nf6 18. f5 (18. Nxf6+ $11 Qxf6 19. Re5) 18... Bxe4 $15 19. Nxe4 N8d7 20. Qb3 Nb6 21. Ng5 Qc7 ({Weaker is} 21... Qxe1 22. Qxf7+ Kh8 23. Rxe1 $16) 22. Nf3 Rad8 23. Qa3 Nfd5 24. Be4 Nf6 (24... Nc4 $17 25. Qb3 Nf6 $1) 25. Bc2 (25. Bd3 $11 {remains equal.}) 25... a6 26. Bb3 Nfd5 27. Re5 f6 (27... Nd7 $5 {[%cal Rd7e5]} 28. Ree1 Rc8 $15) 28. Re6 Rxe6 29. fxe6 Re8 30. Re1 Qf4 31. Qc5 Kh8 32. a4 {And now a5 would win.} (32. Bc2 $5 {[%cal Rc2g6]}) 32... Qg4 33. e7 {[#]} (33. Bd1 $11 Nf4 {[%mdl 64] Double Attack} 34. g3) 33... Nf4 $1 $17 {[%csl Gf4][%cal Rg4g2]} 34. Qc2 Nbd5 $36 {[%mdl 2048] Black has strong initiative.} 35. Re4 $2 {[%mdl 8192] [#] Now White is beyond hope.} (35. Bxd5 $17 {is more resistant.} Nxd5 36. h3) 35... Nb4 $1 $19 {[%cal Rb4c2] Black is clearly winning.} 36. Rxf4 Qxf4 37. Qe2 {Bf7 is the strong threat.} Qd6 38. Nh4 {Strongly threatening Qg4.} Qxd4+ {[%mdl 64] Double Attack} 39. Qf2 {[#]} Qxf2+ 40. Kxf2 {Black must now prevent Ng6+.} Nd5 {Weighted Error Value: White=0.43/Black=0.12} 0-1

[Event "5th Vergani Cup January 2021"]
[Site "Bassano del Grappa"]
[Date "2021.01.05"]
[Round "5.9"]
[White "Brotto, Alessandro"]
[Black "Mattarella, Pietro"]
[Result "1-0"]
[WhiteElo "1921"]
[BlackElo "1723"]
[Annotator "TA"]
[PlyCount "63"]
[EventDate "2021.01.03"]
[EventType "swiss"]
[EventCountry "ITA"]
[SourceTitle "playchess.com"]
[Source "ChessBase"]
[SourceQuality "1"]

{[%evp 13,63,16,32,8,24,23,48,33,42,35,63,7,85,64,112,102,147,97,246,265,353,308,443,438,443,431,465,440,450,444,578,458,504,378,361,214,360,252,247,246,671,668,720,672,1151,1111,1521,1516,29986,29987,29992,29992]} 1. e4 e6 2. d4 d5 3. Nc3 Nf6 4. Bg5 dxe4 5. Nxe4 Be7 6. Bxf6 Bxf6 7. Nf3 Be7 {7...Nd7 gains popularity.} 8. Qd2 {C13: French: Classical System: 4 Bg5 Be7, Alekhine-Chatard Attack.} a6 {[#]} 9. O-O-O $146 ({Predecessor:} 9. Bd3 O-O 10. O-O-O b5 11. Neg5 h6 12. Ne4 c6 13. h4 a5 14. g4 Qd5 15. g5 h5 16. Kb1 g6 17. Ne5 Qxd4 18. Qf4 Qa7 19. Nf6+ Bxf6 20. gxf6 Kh7 21. Qg5 {1-0 (21) Feicht,A (2049)-Diener,C (1700) Wiesbaden 2013}) 9... b6 10. Bd3 {White is slightly better.} Bb7 11. h4 Nc6 12. Qf4 (12. c3 $14) 12... h6 (12... Nb4 $1 $11) 13. Ne5 $36 {[%csl Ge5][%cal Rf4f7][%mdl 2048] White has the initiative.} Bf6 14. c3 Qe7 {[#]} 15. Ng4 $1 {Threatens to win with d5.} Bxd4 (15... Bxh4 $16 16. Ne3 f5) 16. cxd4 $18 f5 17. Nc3 fxg4 (17... O-O-O $142) 18. Bg6+ (18. d5 Qf7 $18) 18... Kd7 19. d5 Nd8 20. dxe6+ Kc8 21. Rhe1 {[#] Hoping for Rd7.} Bc6 22. Qe5 Kb7 23. g3 Rc8 24. Rd4 (24. Bf5 $142) 24... Rf8 (24... Be8 $142) 25. Re2 Rf6 26. Bf5 ({Not} 26. Rxg4 $2 Rxe6 27. Qxe6 Nxe6 $19) 26... g6 $2 (26... h5 27. Rd7 Qc5) 27. Bxg4 h5 28. Bh3 Rf3 29. Nd5 Qc5+ 30. Rc2 Qb5 31. e7 Bxd5 32. Bxc8+ {Black got outplayed after the opening.  Weighted Error Value: White=0.34/Black=0.95} 1-0

[Event "5th Vergani Cup January 2021"]
[Site "Bassano del Grappa"]
[Date "2021.01.05"]
[Round "5.10"]
[White "Budyi, Danylo"]
[Black "Mora, Lorenzo"]
[Result "1/2-1/2"]
[WhiteElo "1759"]
[BlackElo "1927"]
[Annotator "TA"]
[PlyCount "119"]
[EventDate "2021.01.03"]
[EventType "swiss"]
[EventCountry "ITA"]
[SourceTitle "playchess.com"]
[Source "ChessBase"]
[SourceQuality "1"]

{[%evp 13,119,74,81,67,80,60,67,54,57,48,51,37,43,-21,44,-47,28,0,49,0,0,0,0,0,0,0,14,0,7,-15,-15,-15,-15,-17,-19,-50,-58,-80,-87,-183,-138,-131,-127,-124,-124,-364,-127,-104,-35,-25,-29,-46,-34,-479,-478,-456,-449,-449,-408,-490,-485,-388,-222,-285,-173,-12823,-12520,-12827,-6464,-6464,-6311,-5457,-5473,-837,-43,-43,-43,-43,0,0,0,-43,0,0,0,0,0,0,0,-28000,-28000,-28000,-28000,-28000,-28000,-28000,-28000,-28000,-28000,-28000,-28000,-28000,-28000,-28000,-28000,-28000,-28000,-28000]} 1. d4 Nf6 2. c4 g6 3. Nc3 Bg7 4. e4 d6 5. Nf3 Nbd7 6. Bd3 c5 7. d5 O-O 8. O-O {E90: King's Indian: Classical: Early deviations and 6 h3.} a6 9. a3 {[#]} Re8 $146 ({Predecessor:} 9... Rb8 10. a4 Ne8 11. Bd2 Nc7 12. Qc1 Ne5 13. Nxe5 Bxe5 14. f4 Bg7 15. f5 Bd7 16. Bh6 b5 17. Rf3 Bd4+ 18. Kh1 bxc4 19. Bxc4 {0-1 (31) Cadeirinhas,D-Akiki,M (1660) Portugal 2003}) 10. Qc2 {White is slightly better.} Ng4 11. h3 Nge5 12. Nxe5 Nxe5 13. Bd2 ({White should try} 13. Be2 $14) 13... Bd7 (13... b5 $11) 14. Rfe1 (14. Be2 $14 f5 15. Rae1) 14... Rb8 ({Black should play} 14... b5 $15) 15. a4 Qc8 16. f4 Nxd3 17. Qxd3 b5 18. axb5 axb5 19. cxb5 c4 20. Qc2 Bxb5 21. Nxb5 {Hoping for Nc3.} Qc5+ 22. Kh2 Rxb5 23. Bc3 Reb8 24. Bxg7 Kxg7 25. Qc3+ Kg8 26. Ra4 (26. Re2 $17 {might work better.}) 26... Qf2 {Threatens to win with ...Rb3.} ({Don't play} 26... Rxb2 27. Rxc4 Qf2 28. Rc8+ Rxc8 29. Qxc8+ Kg7 30. Qc3+ f6 31. Qg3 $15) 27. Rxc4 Rb3 ({But not} 27... Rxb2 28. Rc8+ Rxc8 29. Qxc8+ Kg7 30. Qc3+ f6 31. Qg3 $15) 28. Rc8+ Rxc8 29. Qxc8+ $17 {[%mdl 4096] Endgame KQR-KQR} Kg7 30. Qc1 Rxb2 $40 {[%mdl 128] Black is up to no good.} (30... Rg3 $17 {[%csl Gg3][%cal Rf2g2]} 31. Rg1 Re3) 31. Qc3+ $15 f6 {[%csl Gb2][%cal Rf2g2]} 32. Qg3 Qd2 33. Kh1 $2 {[%mdl 8192] [#]} ({Better is} 33. Re3 $15) 33... Rb3 $3 $19 {[%cal Rb3g3][%mdl 576] Deflection} 34. Qxb3 Qxe1+ {[%mdl 64] Double Attack. KQ-KQ} 35. Kh2 Qxe4 36. g3 h5 37. h4 Kf7 (37... g5 $142 {aiming for ...Qe2+.} 38. hxg5 fxg5 39. fxg5 h4 40. gxh4 Qxh4+ {[%mdl 64] Double Attack} 41. Qh3 Qf4+ 42. Qg3 Qd2+ 43. Kg1 Kg6) 38. Qa2 Qe3 39. Qc4 (39. Qc2) 39... Qf2+ $1 40. Kh3 Qg1 {[%cal Rg1h1]} 41. Qe4 Qf1+ 42. Kh2 Qf2+ $1 43. Kh3 {[#]} Qa7 $2 (43... Qg1 $1 $19 {...Kf8 is the strong threat.} 44. Qe6+ Kf8) 44. f5 $15 Qd7 45. g4 Kg7 (45... hxg4+ {with more complications.} 46. Kxg4 Qc8 47. Qd3 Kg8 48. Qe4 Kf8) 46. Kg3 hxg4 47. Kxg4 (47. fxg6 {is more complex.} f5 48. Qe3 Kxg6 49. Qg5+ Kf7 50. Qh5+) 47... gxf5+ (47... Kh6 {feels hotter.} 48. Qf4+ Kh7 49. Qf3 Kg8 50. Qe4 Kg7) 48. Qxf5 Qxf5+ {[%mdl 8192]} (48... Qc7 $11) 49. Kxf5 $11 {K3P-KPP} Kh6 (49... Kf7 $5) 50. Ke6 Kg6 51. Kxe7 {[#]} f5 $1 {[%cal Rf5f4] Mate.} 52. Kxd6 {KPP-KP} f4 53. Kc7 f3 54. d6 f2 55. d7 f1=Q {( -> ...Qc4+)} 56. d8=Q Qf7+ 57. Qd7 Qxd7+ 58. Kxd7 Kh5 59. Ke6 Kxh4 60. Kd5 {[%mdl 32768] Weighted Error Value: White=0.57/Black=0.31. An unexpected result.} 1/2-1/2

[Event "5th Vergani Cup January 2021"]
[Site "Bassano del Grappa"]
[Date "2021.01.06"]
[Round "6.1"]
[White "Bjerre, Jonas Buhl"]
[Black "Bellahcene, Bilel"]
[Result "1-0"]
[WhiteElo "2551"]
[BlackElo "2510"]
[Annotator "TA"]
[PlyCount "106"]
[EventDate "2021.01.03"]
[EventType "swiss"]
[EventCountry "ITA"]
[SourceTitle "playchess.com"]
[Source "ChessBase"]
[SourceQuality "1"]

{[%evp 14,106,11,19,19,19,19,19,19,19,13,22,19,14,64,62,46,36,27,33,59,56,75,60,70,78,65,64,72,67,81,89,135,125,137,132,136,68,235,146,142,142,135,140,127,128,172,104,106,106,108,85,85,92,110,101,120,120,116,131,131,123,126,110,110,109,110,93,200,200,200,196,178,134,134,78,154,115,175,175,418,410,410,408,408,408,408,408,524,511,1036,1007,856,619,893]} 1. d4 Nf6 2. c4 e6 3. Nf3 d5 4. g3 dxc4 5. Bg2 Bd7 6. Ne5 Bc6 7. Nxc6 Nxc6 8. O-O Qd7 {E04: Open Catalan: 5 Nf3.} 9. e3 Rd8 {now supersedes 9...0-0-0.} 10. Qe2 e5 {The position is equal.} 11. Qxc4 exd4 12. Qb5 Rb8 13. Rd1 Bd6 {[#]} (13... a6 $5 {[%cal Ra6b5]} 14. Qc4 Bd6 $11) 14. Bxc6 $146 ({Predecessor:} 14. exd4 O-O 15. Nc3 a6 16. Qa4 h6 17. d5 Ne5 18. Qxd7 Nexd7 19. Ne4 Nxe4 20. Bxe4 Rfe8 {½-½ (20) Real de Azua,E (2484)-Villanueva,M (2451) Buenos Aires 2017}) 14... Qxc6 15. Qxc6+ bxc6 16. Rxd4 Be5 17. Rd2 O-O 18. Rc2 Nd5 19. a3 $1 {[%cal Ba2a3,Ba3a4][%mdl 32]} Rb5 20. Nd2 Rfb8 {[%cal Re5b2]} 21. Ra2 h5 22. Nf3 Bf6 23. e4 Ne7 24. a4 Rb3 25. Be3 (25. Kg2 $16) 25... g6 $2 (25... a6 $1 $14) 26. e5 Bg7 27. Bxa7 Ra8 28. Nd2 {Bc5 is the strong threat.} Rd3 29. Bc5 Nd5 30. Nc4 (30. Kf1 $1 $18 {[%cal Rf1e2]}) 30... Bf8 $16 31. Bxf8 Kxf8 32. Rd2 Rb3 33. a5 Rb4 34. Rc2 Ra6 35. Ra3 Ke7 36. Nd2 Rb5 {[#]} 37. Nb3 $1 Nb4 38. Rc4 Nd3 {[#]} 39. f4 $1 {Hoping for Nd4.} Nxb2 40. Rc3 Rb4 (40... Kf8 $16) 41. Nc5 $18 Ra8 {intending ...Nc4.} 42. a6 Nc4 43. Ra1 {And now Nd3 would win.} Nb6 44. Rc2 (44. Nd3 $142 Rd4 45. Kf2) 44... Ra7 ({Black should try} 44... Nd7) 45. Nb7 $36 {[%mdl 2048] Threatens to win with Na5. White is on the roll.} Kd7 (45... Nd7 $16) 46. Rac1 $18 Na8 $2 (46... Nd5 47. Rxc6 Rb6) 47. Rd1+ Ke7 48. Na5 Rxa6 49. Nxc6+ Rxc6 50. Rxc6 Rb2 51. Ra1 {White is clearly winning.} Nb6 (51... Rb6 $142 52. Rf6 Rb8) 52. Rxc7+ Ke6 53. Rb7 Kd5 {Weighted Error Value: White=0.13/Black=0.27} 1-0

[Event "5th Vergani Cup January 2021"]
[Site "Bassano del Grappa"]
[Date "2021.01.06"]
[Round "6.2"]
[White "Niemann, Hans Moke"]
[Black "Moroni, Luca Jr"]
[Result "1/2-1/2"]
[WhiteElo "2472"]
[BlackElo "2562"]
[Annotator "TA"]
[PlyCount "106"]
[EventDate "2021.01.03"]
[EventType "swiss"]
[EventCountry "ITA"]
[SourceTitle "playchess.com"]
[Source "ChessBase"]
[SourceQuality "1"]

{[%evp 10,106,19,27,17,19,31,15,17,16,14,0,24,5,18,12,16,-20,-18,-26,-14,-22,-19,-29,-26,-63,-59,-72,-82,-169,-164,-351,-214,-222,-228,-225,-177,-191,-147,-180,-172,-169,-172,-234,-229,-226,-235,-219,-207,-225,-226,-237,-229,-228,-224,-244,-159,-256,-250,-345,-344,-339,-333,-734,-266,-234,-163,-155,-150,-155,-103,-103,-101,-89,-103,-103,-103,-102,0,0,0,-35,-35,-35,-35,-35,0,-42,-34,-34,-34,-34,-35,-35,0,0,0,-35,-35]} 1. d4 g6 2. e4 Bg7 3. Nf3 d6 4. Bc4 Nf6 5. Qe2 O-O 6. e5 dxe5 {B06: Modern Defence.} 7. dxe5 Nd5 8. h3 Be6 {The position is equal.} 9. O-O Nd7 10. Bb3 Nc5 11. Rd1 {Strongly threatening c4.} Nxb3 12. axb3 Qc8 {[#]} 13. Ra4 $146 ({Predecessor:} 13. Nc3 Nxc3 14. bxc3 c5 15. c4 Qc6 16. Bg5 Rfe8 17. Re1 a5 18. Ra4 b6 19. Nd2 {0-1 (44) De la Villa Garcia,J (2478)-Larino Nieto,D (2469) Sanxenxo 2012}) 13... c5 14. Rh4 Rd8 15. Re1 Nb4 16. Bh6 Bh8 17. Na3 Nc6 18. Qe3 Bd5 19. Ng5 (19. Qxc5 $2 Bxf3 20. gxf3 Nd4 $1 $19 {[%mdl 512]}) (19. Bf4 $17) 19... Nd4 $1 $19 (19... Nxe5 20. Nxh7 Nc6 21. Bf4 $17) (19... Bxe5 20. c4 $17) 20. g4 $2 (20. Rxd4 {is a better defense.} cxd4 21. Qxd4) 20... Qc6 21. c3 {[#]} Bh1 $1 {[%csl Gh1][%cal Rc6g2]} 22. Qg3 Nf3+ (22... Nxb3 23. f3 $11) 23. Nxf3 Qxf3 24. e6 f6 25. Qxf3 Bxf3 26. g5 (26. Be3 $142) 26... f5 27. b4 cxb4 28. Rxb4 Rd3 29. Nc4 Rad8 {Threatens to win with ...Rd1.} 30. Ne5 Bxe5 31. Rxe5 {[#]} Bc6 $1 32. Re3 a5 33. Rf4 (33. Rxd3 $17 Rxd3 34. Rc4) 33... Rd2 34. Re5 R8d5 (34... Rxb2 $2 35. Rxa5 Re2 36. Rd4 $19) 35. Rxd5 Bxd5 {[%mdl 4096] Endgame KRB-KRB} (35... Rxd5 36. f3 $17) 36. Ra4 $2 (36. Kf1 Bxe6 37. Ra4) 36... b6 $2 (36... Rd1+ 37. Kh2 b5) 37. c4 Rd4 38. Ra1 Bxc4 39. b4 Bd5 ({Black should play} 39... Bxe6 40. bxa5 bxa5 41. Rxa5 Bd5) 40. bxa5 $17 bxa5 41. Rb1 {[%cal Rb1b8]} Rb4 (41... Bxe6 $2 42. Rb8+ Bc8 43. Rxc8+ Kf7 44. Rh8 $18) 42. Rd1 Rb5 {...a4 is the strong threat.} (42... Bxe6 43. Rd8+ Kf7 44. Rf8#) 43. Rd4 {[#]} Rb1+ (43... Bxe6 44. Rd8+ Kf7 45. Rf8#) (43... a4 $1 $17 44. Rxa4 Rb8) 44. Kh2 $11 Rb5 (44... Bxe6 45. Rd8+ Kf7 46. Rf8#) 45. f4 (45. Kg1 {is more complex.}) 45... Rb2+ (45... Bxe6 46. Rd8+ Kf7 47. Rf8#) 46. Kg1 Rb1+ (46... Bxe6 47. Rd8+ Kf7 48. Rf8#) 47. Kf2 Rb2+ (47... Bxe6 48. Rd8+ Kf7 49. Rf8#) (47... Rb5 {seems wilder.} 48. Ke3 Rc5 49. h4 a4 50. Rxa4 Bxe6 51. Ra8+ Rc8) 48. Ke3 (48. Kg1 {is interesting.}) 48... Rb3+ (48... Bxe6 49. Rd8+ Kf7 50. Rf8#) 49. Kf2 Rb5 (49... Bxe6 50. Rd8+ Kf7 51. Rf8#) 50. Ke3 Rc5 ({Stronger than} 50... Bxe6 51. Rd8+ Kf7 52. Rf8#) 51. Kf2 Rc2+ ({Worse is} 51... Bxe6 52. Rd8+ Kf7 53. Rf8#) 52. Ke3 Rc3+ ({Weaker is} 52... Bxe6 53. Rd8+ Kf7 54. Rf8#) 53. Kd2 (53. Ke2 $5 {[%cal Rd4d5]} Rc5 54. Ke3 $15) 53... Rc5 {Whites escaped into a draw.  Weighted Error Value: White=0.26/Black=0.21} 1/2-1/2

[Event "5th Vergani Cup January 2021"]
[Site "Bassano del Grappa"]
[Date "2021.01.06"]
[Round "6.3"]
[White "Warmerdam, Max"]
[Black "Di Benedetto, Edoardo"]
[Result "1-0"]
[WhiteElo "2506"]
[BlackElo "2386"]
[Annotator "TA"]
[PlyCount "66"]
[EventDate "2021.01.03"]
[EventType "swiss"]
[EventCountry "ITA"]
[SourceTitle "playchess.com"]
[Source "ChessBase"]
[SourceQuality "1"]

{[%evp 9,66,16,16,0,0,0,0,0,0,0,0,0,0,0,0,0,-4,-48,-33,-60,-57,-114,-74,-76,-72,-72,-71,-94,-23,-56,-68,-83,-85,-87,-57,-61,-22,-32,-112,-153,0,0,0,0,427,333,1286,1214,1638,1800,1776,1734,29979,1477,1363,1127,29989,29990,29999]} 1. e4 e6 2. d4 d5 3. Nc3 Nf6 4. Bg5 Bb4 5. e5 h6 {[#]} 6. Bf4 $146 {C12: French: Classical System: McCutcheon Variation.} ({Predecessor:} 6. Bd2 Bxc3 7. bxc3 Ne4 8. Qg4 Kf8 9. Qf4 Nxd2 10. Qxd2 c5 11. Nf3 Qa5 12. h4 Nc6 13. h5 Bd7 14. Rh4 Rc8 15. Rf4 cxd4 16. cxd4 Qxd2+ 17. Kxd2 {0-1 (83) Iordachescu,V (2589)-Swiercz,D (2649) chess.com INT 2020}) 6... Ne4 7. Nge2 c5 8. a3 $1 {[%cal Ra3b4] The position is equal.} Nxc3 9. Nxc3 Bxc3+ 10. bxc3 Qc7 11. Rb1 b6 12. Qg4 Kf8 13. c4 cxd4 14. Be2 dxc4 15. O-O (15. Rd1 $1 $15) 15... Bb7 16. Rfd1 Bd5 17. Rxd4 {Black should prevent Bf3.} Nc6 18. Rd2 Nxe5 ({Better is} 18... Kg8 $17) 19. Qg3 f6 20. Re1 g5 $1 {[%cal Rg5f4]} 21. Be3 Rc8 22. Bh5 c3 23. Rxd5 exd5 24. f4 Nc4 (24... Nf7 $17 25. Bd4 Qxf4 26. Qxf4 gxf4 27. Bxf6 Rh7) 25. Bd4 $11 {Re6 is the strong threat.} Qxf4 ({Not} 25... Nxa3 $2 26. Re6 $18) 26. Qxc3 Qd2 $2 {[%mdl 8192]} (26... Nd6 $11 {and Black has nothing to worry.} 27. Qd3 Qf5 28. Bxf6 Qxd3 29. cxd3 Rh7) 27. Qa1 $1 $18 Nb2 $2 ({Worse is} 27... Qxc2 28. Bc5+ $1 {[%mdl 512]} Kg7 29. Re7+ Kg8 30. Bf7+ Kh7 31. Bxd5+ Kg6 32. Bf7+ Kh7 33. Bxc4+ Kg6 34. Bf7+ Kh7 35. Bb3+ {[%mdl 64] Discovered Attack} Kg6 36. Bxc2+ Kh5 37. Qxf6 bxc5 38. Bg6+ Kh4 39. Re4#) (27... Kg8) 28. Bxb2 Rh7 29. Bxf6 {Qe5 would kill now.} d4 30. Re2 Qa5 {[#]} 31. Bxd4 (31. Be7+ $142 $1 {[%mdl 512]} Kg7 32. Qxd4+ Kg8 33. Qg4 Rc6 34. Qd7 Rg7 35. Qxc6 g4 36. Qxh6) 31... Qd5 32. Qf1+ Kg8 33. Qf6 Rd7 {Weighted Error Value: White=0.11/Black=0.83} 1-0

[Event "5th Vergani Cup January 2021"]
[Site "Bassano del Grappa"]
[Date "2021.01.06"]
[Round "6.4"]
[White "Bernadskiy, Vitaliy"]
[Black "Mendonca, Leon Luke"]
[Result "1/2-1/2"]
[WhiteElo "2619"]
[BlackElo "2516"]
[Annotator "TA"]
[PlyCount "59"]
[EventDate "2021.01.03"]
[EventType "swiss"]
[EventCountry "ITA"]
[SourceTitle "playchess.com"]
[Source "ChessBase"]
[SourceQuality "1"]

{[%evp 19,59,1,7,-4,2,-15,-9,-22,-3,-2,-10,-21,-14,-16,-18,-23,0,-33,-15,0,-19,-17,0,-21,-27,-12,-10,-39,-25,-39,-12,-21,0,0,0,0,0,-43,-34,-37,-29,-34]} 1. c4 Nf6 2. Nc3 e6 3. Nf3 d5 4. e3 Be7 5. b3 b6 6. g3 Bb7 7. Bg2 O-O 8. O-O c5 9. Bb2 dxc4 10. bxc4 Nc6 11. Ne1 {A14: English Opening: 1...e6 with b3 by White.} a6 {[#]} 12. a4 $146 ({Predecessor:} 12. Qe2 Qc7 13. f4 Na7 14. g4 Bxg2 15. Nxg2 Rfd8 16. g5 Ne8 17. Rad1 b5 18. Rf3 f5 {0-1 (51) Srebrnic,A (2280)-Roskar,R (2278) Bled 2005}) 12... Qd7 13. f4 {The position is equal.} Nb4 14. Bxb7 Qxb7 15. d3 Rad8 16. Qe2 Ne8 17. g4 Nc7 18. g5 b5 19. cxb5 axb5 20. Rf3 {[#] Black must now prevent Rh3.} f5 21. Rh3 g6 $1 22. axb5 Rf7 23. Nd1 Nxb5 24. Nf2 Bf8 (24... Nd5 $5 {[%cal Rb5d4]}) 25. Nf3 Nc6 26. Bf6 Ra8 {[#] aiming for ...Ncd4!} 27. Rc1 Nc7 28. e4 Nb5 29. Qb2 Nbd4 30. Qxb7 {Weighted Error Value: White=0.10/Black=0.07} 1/2-1/2